Statistiques concernant Régions d'Ukraine

Cliquez ici pour prendre le quiz!

Statistiques générales

  • Ce quiz a été pris 647 fois
  • Le résultat moyen est 13 sur 27

Réponses sur la Carte

Les réponses sont colorées sur une échelle allant du rouge au vert en fonction du pourcentage des utilisateurs qui les ont devinées à leur premier essai. Vous pouvez retrouver ces pourcentages ci-dessous.
 

Statistiques - réponses

Réponse% Correct
Kiev
97%
Kiev
97%
Crimée
90%
Donetsk
87%
Odessa
87%
Kharkiv
79%
Lviv
78%
Louhansk
76%
Kherson
72%
Sebastopol
70%
Dnipro
53%
Soumy
41%
Mykolaïv
40%
Zaporijjia
40%
Tchernihiv
34%
Poltava
29%
Transcarpatie
28%
Ternopil
26%
Rivne
25%
Tcherkassy
24%
Jytomyr
23%
Ivano-Frankivsk
22%
Tchernivtsi
20%
Vinnytsia
18%
Volhynie
18%
Khmelnytskyï
15%
Kirovohrad
13%

Distribution des résultats

Percentile par nombre de réponses

% des personnes avec chaque résultat

Votre développement - résultats

Vous n’avez pas pris ce quiz